Smith's general urology.-- 15th ed. (Record no. 32717)

MARC details
000 -LEADER
fixed length control field 00768nam a2200205 a 4500
008 - FIXED-LENGTH DATA ELEMENTS--GENERAL INFORMATION
fixed length control field 111117s2000 ||||||||||||||||| || u
020 ## - INTERNATIONAL STANDARD BOOK NUMBER
International Standard Book Number 0838586074
050 ## - LIBRARY OF CONGRESS CALL NUMBER
Classification number RC 871 Smi
100 ## - MAIN ENTRY--PERSONAL NAME
Personal name Smith, Donald R. (Donald Ridgeway), 1909-
245 10 - TITLE STATEMENT
Title Smith's general urology.-- 15th ed.
Statement of responsibility, etc. edited by Emil A. Tanagho and Jack W. McAninch
250 ## - EDITION STATEMENT
Edition statement 15th ed.
260 ## - PUBLICATION, DISTRIBUTION, ETC.
Place of publication, distribution, etc. New York
Name of publisher, distributor, etc. Lange Medical Books
Date of publication, distribution, etc. 2000
300 ## - PHYSICAL DESCRIPTION
Extent ix, 868p.: ill.
350 ## -
-- 0.00
650 ## - SUBJECT ADDED ENTRY--TOPICAL TERM
Topical term or geographic name entry element UROLOGY
650 ## - SUBJECT ADDED ENTRY--TOPICAL TERM
Topical term or geographic name entry element UROLOGIC DISEASES
700 ## - ADDED ENTRY--PERSONAL NAME
Personal name McAninch, Jack W
700 ## - ADDED ENTRY--PERSONAL NAME
Personal name Tanagho, Emil A
995 ## -
-- MEDICAL LIBRARY OPEN ACCESS
-- 0.00
-- 901469
-- CBU-SCHOOL OF MEDICINE LIBRARY (Ndola)
-- 1
-- 0.00
-- RC 871 SMI
-- 1
-- AVAILABLE
-- Nov 17, 2011
-- 901469
-- Medical Library Open Access Collection
999 ## -
-- 32717
-- 32717
Holdings
Withdrawn status Lost status Source of classification or shelving scheme Damaged status Not for loan Permanent Location Current Location Shelving location Date acquired Total Checkouts Full call number Barcode Date last seen Date last checked out Price effective from Koha item type
          CBU-SCHOOL OF MEDICINE LIBRARY, NDOLA. CBU-SCHOOL OF MEDICINE LIBRARY, NDOLA.   11/30/2022 2 RC 871 Smi 901469 06/20/2024 06/06/2024 11/30/2022 MONOGRAPH